000 02162nam0a2200313 4500
001 RU\NLR\bibl\1317260
005 20260407194108.0
035 _a(NLR Aleph) 001302635
090 _a629075
_c629075
100 _a20090119d2005 |||y0rusy50 ca
101 0 _arus
102 _aRU
105 _aa |||||||||
200 1 _aПочетные граждане города Дзержинска
_eбиобиблиографический указатель
_fАдминистрация г. Дзержинска, НОМУ "Централиз. библиотеч. система", [Центр. гор. б-ка им. Н. Крупской, Отд. краеведения]
_g[сост. Максимова Т.Н.
_eпод ред. Жуковской Т.Б.]
210 _aДзержинск
_cИздание Централизованной библиотечной системы
_d2005
215 _a148 с., [4] л. ил., цв. ил.
_cпортр.
_d22
300 _aНа обл.: Победа. 60 лет
320 _aБиблиогр. в конце слов. ст.
423 0 _12001#$aОчерки$fавт. очерков Фельдштейн И.Б.
_1700#1$aФельдштейн$bИ. Б.$4070
_1210##$aДзержинск$d2005
_1215##$aС. 80-143
_tОчерки
_aФельдштейн, И. Б.
606 1 _aПочетные граждане
_jБиобиблиография
_yДзержинск, город (Нижегородская область)
_92573068
_3RU\NLR\auth\661521498
686 _aТ3(2Р-4Ни-2Д)я10
702 1 _4220
_8rus
_7ca
_aМаксимова
_bТ. Н.
_cбиблиограф
_gТатьяна Николаевна
_3RU\NLR\auth\7782071
_964999
702 1 _4340
_8rus
_7ca
_aЖуковская
_bТ. Б.
_cбиблиотековед
_gТатьяна Борисовна
_3RU\NLR\auth\7782072
_965000
712 0 2 _4570
_aЦентральная городская библиотека им. Н. Крупской
_cДзержинск
_bОтдел краеведения
_3RU\NLR\AUTH\8810128195
_9753479
801 0 _aRU
_bNLR
_c20090119
_gRCR
801 1 _aRU
_bNLR
_c20090119
942 _cBOOK
980 _aNB